Statistics for Top 100 airlines (SKYTRAX rated)

Click here to take the quiz!

General Stats

  • This quiz has been taken 32 times
  • The average score is 40 of 100

Answer Stats

Answer% Correct
Spice jet
83%
Air china
78%
Avianca
72%
Air arabia
67%
Austrian air
67%
EVA air
61%
WIZZ air
61%
Air france
56%
American airlines
56%
Citilink
56%
Kenya airways
56%
Korean air
56%
Lufthansa
56%
Singapore airlines
56%
Thai
56%
Xiamen air
56%
Aeroflot
50%
Air asia
50%
Air malta
50%
American eagle
50%
British airways
50%
Delta
50%
EasyJet
50%
Finnair
50%
JetBlue
50%
Jetsmart
50%
Qantas
50%
Qatar airways
50%
Royal jordanian
50%
STARLUX
50%
Turkish airlines
50%
United airlines
50%
Air canada
44%
Air new zealand
44%
Azerbaijan air
44%
Cathay pacific
44%
Emirates
44%
Etihad
44%
Eurowings
44%
Gulf air
44%
Iberia
44%
Jet2
44%
Jetstar
44%
LOT polish
44%
Oman air
44%
Ryanair
44%
South african airways
44%
Swiss
44%
Virgin atlantic
44%
Air canada rouge
39%
ANA
39%
Asiana
39%
China southern
39%
Copa airlines
39%
SAS scandinavian
39%
Saudia
39%
TAP portugal
39%
Vietnam airlines
39%
Aer lingus
33%
Air mauritius
33%
Brussels airlines
33%
Ethiopian airlines
33%
Garuda indonesia
33%
JAL
33%
Malaysia airlines
33%
Norwegian
33%
Peach
33%
Royal air maroc
33%
TUI
33%
WestJet
33%
Bamboo airways
28%
China airlines
28%
China eastern
28%
Fiji airways
28%
Hainan airlines
28%
Hawaiian airlines
28%
IndiGo
28%
Jetstar asia
28%
KLM
28%
Latam
28%
Virgin australia
28%
Vistara
28%
Vueling airlines
28%
Air astana
22%
Air transat
22%
Alaska airlines
22%
Azul airlines
22%
Bangkok airways
22%
Flynas
22%
Hong kong airlines
22%
Juneyao airlines
22%
Philippine airlines
22%
Porter airlines
22%
S7
22%
Southwest airlines
22%
aegean airlines
17%
Royal air brunei
17%
Scoot
17%
Spring airlines
17%
Starflyer
17%

Score Distribution

Percentile by Number Answered

Percent of People with Each Score

Your Score History

You have not taken this quiz